<?xml version="1.0" encoding="UTF-8"?>
<marc:record xmlns:marc="http://www.loc.gov/MARC21/slim">
   <marc:leader>00000nam a2200000 a 4500</marc:leader>
   <marc:datafield ind1="1" ind2=" " tag="100">
      <marc:subfield code="a">Röggla, Katharina</marc:subfield>
      <marc:subfield code="4">aut</marc:subfield>
      <marc:subfield code="e">Verfasser/-in</marc:subfield>
   </marc:datafield>
   <marc:datafield ind1=" " ind2=" " tag="653">
      <marc:subfield code="a">Weiße</marc:subfield>
   </marc:datafield>
   <marc:datafield ind1=" " ind2=" " tag="653">
      <marc:subfield code="a">Antirassismus</marc:subfield>
   </marc:datafield>
   <marc:datafield ind1=" " ind2=" " tag="653">
      <marc:subfield code="a">Weißsein</marc:subfield>
   </marc:datafield>
   <marc:datafield ind1=" " ind2=" " tag="653">
      <marc:subfield code="a">Rassismus</marc:subfield>
   </marc:datafield>
   <marc:datafield ind1=" " ind2=" " tag="653">
      <marc:subfield code="a">Softcover / Politikwissenschaft/Politische Theorien</marc:subfield>
   </marc:datafield>
   <marc:datafield ind1=" " ind2=" " tag="653">
      <marc:subfield code="a">Ideengeschichte</marc:subfield>
   </marc:datafield>
   <marc:datafield ind1="0" ind2="0" tag="245">
      <marc:subfield code="a">Critical whiteness studies und ihre politischen Handlungsmöglichkeiten für weiße AntirassistInnen</marc:subfield>
   </marc:datafield>
   <marc:datafield ind1="0" ind2="0" tag="245">
      <marc:subfield code="b">INTRO ; eine Einführung</marc:subfield>
   </marc:datafield>
   <marc:datafield ind1="0" ind2="0" tag="245">
      <marc:subfield code="c">Katharina Röggla</marc:subfield>
   </marc:datafield>
   <marc:datafield ind1=" " ind2="1" tag="264">
      <marc:subfield code="a">Wien</marc:subfield>
      <marc:subfield code="b">Mandelbaum-Verl.</marc:subfield>
      <marc:subfield code="c">2012</marc:subfield>
   </marc:datafield>
   <marc:datafield ind1="1" ind2=" " tag="490">
      <marc:subfield code="a">Kritik &amp; Utopie</marc:subfield>
   </marc:datafield>
   <marc:datafield ind1="1" ind2=" " tag="520">
      <marc:subfield code="a">Angaben aus der Verlagsmeldung

Critical Whiteness Studies : Intro / von Katharina Röggla

"Weißsein" als rassistische Normalität?
Dieses INTRO befasst sich mit den von den Critical Whiteness Studies vorgeschlagenen politischen Strategien, um Rassismus nicht nur theoretisch zu erklären sondern aktiv zu bekämpfen. Den Hintergrund dazu bildet die Kategorie des "Weißseins" als normatives und normalisiertes "eigenes" Gegenstück zum beziehungsweise zur nicht-weißen "Anderen".
Es werden sowohl die grundlegenden theoretischen Zugänge dargestellt als auch die politischen Strategien untersucht, mit denen sich eine kritische Theorie in antirassistische Praxis umsetzen lässt.
Der Fokus liegt dabei auf den Schriften der New Abolutionists, die die These vertreten, dass es möglich sei, "Weißsein" freiwillig abzulegen. Des Weiteren wird die Frage behandelt, welche Problematiken bei der Übersetzung der im US-amerikanischen Raum entwickelten Theorie in einen europäischen, insbesondere in einen deutschsprachigen Kontext zu beachten sind.
Diese Einführung soll weniger klare und eindeutige Antworten auf politische Fragen geben, sondern vielmehr dazu beitragen, die Critical Whiteness Studies auf ihre politischen Inhalte hin zu untersuchen und kritisches Nachdenken über rassissierte Kategorien zu unterstützen.
</marc:subfield>
   </marc:datafield>
   <marc:datafield ind1=" " ind2=" " tag="020">
      <marc:subfield code="a">9783854766179</marc:subfield>
      <marc:subfield code="9">9783854766179</marc:subfield>
   </marc:datafield>
   <marc:datafield ind1=" " ind2=" " tag="041">
      <marc:subfield code="a">ger</marc:subfield>
   </marc:datafield>
   <marc:datafield ind1=" " ind2=" " tag="300">
      <marc:subfield code="a">131 S.</marc:subfield>
   </marc:datafield>
</marc:record>
